000 00245nam a22001097a 4500
082 _a158
_bGUP/H
100 _aGUPTA,M.K
245 _aHOW TO OVERCOME FEAR
260 _aINDIA
_bPUSTAK MAHAL
650 _aPERSONALITY DEVELOPMENT
_zINDIA
942 _cBK
999 _c5163
_d5163